নজরুলকে চিনতে চাওয়া / (Record no. 74185)
[ view plain ]
| 000 -LEADER | |
|---|---|
| fixed length control field | 00777nam a2200217 a 4500 |
| 001 - CONTROL NUMBER | |
| control field | 74185 |
| 003 - CONTROL NUMBER IDENTIFIER | |
| rucl marc code | BD-RjUL |
| 005 - DATE AND TIME OF LATEST TRANSACTION | |
| control field | 20211209082517.0 |
| 008 - FIXED-LENGTH DATA ELEMENTS--GENERAL INFORMATION | |
| fixed length control field | 180318s2014 bg ||||| |||| 001 0 ben d |
| 020 ## - INTERNATIONAL STANDARD BOOK NUMBER | |
| International Standard Book Number | 9789848882962 |
| Terms of availability | Tk.350.00 |
| 035 ## - SYSTEM CONTROL NUMBER | |
| System control number | (BD-RjUL)74403 |
| 040 ## - CATALOGING SOURCE | |
| Original cataloging agency | BD-RjUL |
| Language of cataloging | eng |
| Transcribing agency | BD-RjUL |
| 041 ## - LANGUAGE CODE | |
| Language code of text/sound track or separate title | ben |
| 082 ## - DEWEY DECIMAL CLASSIFICATION NUMBER | |
| Edition number | 23 |
| Classification number | 891.4415 |
| Author mark and year | CHN 2014 |
| 100 ## - MAIN ENTRY--PERSONAL NAME | |
| Personal name | চৌধুরী, সিরাজুল ইসলাম |
| 9 (RLIN) | 220625 |
| 245 10 - TITLE STATEMENT | |
| Title | নজরুলকে চিনতে চাওয়া / |
| Statement of responsibility, etc. | সিরাজুল ইসলাম চৌধুরী, |
| 260 ## - PUBLICATION, DISTRIBUTION, ETC. (IMPRINT) | |
| Place of publication, distribution, etc. | ঢাকা : |
| Name of publisher, distributor, etc. | সংহতি , ২০১৪ |
| 300 ## - PHYSICAL DESCRIPTION | |
| Pagination | ১৮৬ পৃ. ; |
| Size | ২২ সেমি. |
| 600 ## - SUBJECT ADDED ENTRY--PERSONAL NAME | |
| Personal name | নজরুল ইসলাম, কাজী |
| 942 ## - ADDED ENTRY ELEMENTS (KOHA) | |
| Source of classification or shelving scheme | Dewey Decimal Classification |
| Koha item type | Books |
| Lost status | Source of classification or shelving scheme | Damaged status | Not for loan | Collection code | Permanent Location | Current Location | Shelving location | Date acquired | Source of acquisition | Cost, normal purchase price | Total Checkouts | Full call number | Date last seen | Copy number | Koha item type | Date checked out |
|---|---|---|---|---|---|---|---|---|---|---|---|---|---|---|---|---|
| Dewey Decimal Classification | Not For Loan | Non-fiction | Central Library, University of Rajshahi | Central Library, University of Rajshahi | Reading Room | 30/03/2017 | Rajshahi Vidyasagar | 350.00 | B 891.4415 CHN 2014 | 18/03/2018 | C-1 | Books | ||||
| Dewey Decimal Classification | Non-fiction | Central Library, University of Rajshahi | Central Library, University of Rajshahi | 30/03/2017 | Rajshahi Vidyasagar | 350.00 | B 891.4415 CHN 2014 | 18/03/2018 | C-2 | Books | ||||||
| Dewey Decimal Classification | Non-fiction | Central Library, University of Rajshahi | Central Library, University of Rajshahi | 30/03/2017 | Rajshahi Vidyasagar | 350.00 | 3 | B 891.4415 CHN 2014 | 23/03/2022 | C-3 | Books | 10/03/2022 |